Flags of Central America and the Caribbean - Statistics

General Stats
  • This quiz has been taken 160 times
  • The average score is 18 of 20
Answer Stats
Hint Answer % Correct
Jamaica
100%
Panama
98%
Cuba
95%
Belize
94%
Honduras
94%
Barbados
92%
Costa Rica
90%
Dominican Republic
90%
Haiti
90%
Nicaragua
90%
El Salvador
89%
Guatemala
89%
Dominica
87%
The Bahamas
86%
Trinidad and Tobago
86%
Antigua and Barbuda
84%
Saint Lucia
83%
Saint Vincent and The Grenadines
83%
Saint Kitts and Nevis
81%
Grenada
80%
No matching quizzes found
Score Distribution
Percent of People with Each Score
Percentile by Number Answered
Your Score History
You have not taken this quiz